<?xml version="1.0" encoding="UTF-8"?>
<collection xmlns="http://www.loc.gov/MARC21/slim">
<record>
  <controlfield tag="001">311692</controlfield>
  <controlfield tag="005">20240928181618.0</controlfield>
  <datafield tag="035" ind1=" " ind2=" ">
    <subfield code="a">G:(GEPRIS)68830363</subfield>
  </datafield>
  <datafield tag="024" ind1="7" ind2=" ">
    <subfield code="a">G:(GEPRIS)68830363</subfield>
    <subfield code="d">68830363</subfield>
  </datafield>
  <datafield tag="040" ind1=" " ind2=" ">
    <subfield code="a">GEPRIS</subfield>
    <subfield code="c">http://gepris.its.kfa-juelich.de</subfield>
  </datafield>
  <datafield tag="150" ind1=" " ind2=" ">
    <subfield code="a">Fundamentals of Tribology - Correlation between Wear Characteristics and Material Properties - (FUNDTRIBO)</subfield>
    <subfield code="y">2008 - 2013</subfield>
  </datafield>
  <datafield tag="371" ind1=" " ind2=" ">
    <subfield code="a">Professor Dr.-Ing. Alois K. Schlarb</subfield>
  </datafield>
  <datafield tag="450" ind1=" " ind2=" ">
    <subfield code="a">DFG project G:(GEPRIS)68830363</subfield>
    <subfield code="w">d</subfield>
    <subfield code="y">2008 - 2013</subfield>
  </datafield>
  <datafield tag="510" ind1="1" ind2=" ">
    <subfield code="a">Deutsche Forschungsgemeinschaft</subfield>
    <subfield code="0">I:(DE-588b)2007744-0</subfield>
    <subfield code="b">DFG</subfield>
  </datafield>
  <datafield tag="680" ind1=" " ind2=" ">
    <subfield code="a">The investigation about the fundamentals of triblogy deals with three different effects regarding wear and friction phenomena. In wear experiments on large-, macro- and nano-scale, the differences and similarities between the wear mechanisms of different scales will be examined and compared. The nano-scale tests are carried out with a atomic force microscope (AFM) in order to find basics about the wear characteristics. The stress and energy dissipating factors inside the polymer material are investigated by FEM simulations. An artificial neural network (ANN) based software tool correlates wear results and materials properties. The overall aim of this project is the prediction of the wear behavior of different nano-particle reinforced polyetheretherketone (PEEK) composite materials based on the gained experimental results on large-, macro- and nano-scales.</subfield>
  </datafield>
  <datafield tag="909" ind1="C" ind2="O">
    <subfield code="o">oai:juser.fz-juelich.de:978567</subfield>
    <subfield code="p">authority:GRANT</subfield>
    <subfield code="p">authority</subfield>
  </datafield>
  <datafield tag="980" ind1=" " ind2=" ">
    <subfield code="a">G</subfield>
  </datafield>
  <datafield tag="980" ind1=" " ind2=" ">
    <subfield code="a">AUTHORITY</subfield>
  </datafield>
  <datafield tag="909" ind1="C" ind2="O">
    <subfield code="o">oai:juser.fz-juelich.de:978567</subfield>
  </datafield>
</record>
</collection>